000 00560cab a2200181 4500
001 WB2238-37
008 090401t1986 xxu||||| |||| 00| 0 eng d
035 _a(Sirsi) u74097
041 _aeng
245 _aHousing market survey
260 _c1986
350 _a0
490 _aRICS News Service
_vPR/16/86-87 19 September 1986 8 pages
520 _aAccording to the latest RICS housing market survey for the quarter ending in August, house prices are beginning to stabilize.
690 _aPROPERTY LAW AND PRACTICE
942 _n0
948 _c04/03/1997
999 _c46774
_d46774